[Event "Irish International Open 2019"]
[Site "Dublin"]
[Date "2019.04.17"]
[Round "1.12"]
[White "Lundback, Anders"]
[Black "Longson, Alexander"]
[Result "0-1"]
[WhiteElo "1806"]
[BlackElo "2318"]
[Annotator "NA RC"]
[PlyCount "102"]
[EventDate "2019.02.28"]
[EventType "swiss"]
[EventCountry "IRL"]
[SourceTitle "playchess.com"]
[Source "ChessBase"]
[SourceQuality "1"]
[TimeControl "5400+30"]

{[%evp 29,94,12,32767,32767,27,-9,0,-11,22,-6,0,0,63,62,95,128,118,144,142,133,127,47,113,23,570,487,645,-95,-86,-92,0,-558,-555,-550,-588,-611,-445,-416,-469,-538,-581,-644,32767,-646,-774,32767,32767,32767,32767,32767,32767,32767,32767,32767,32767,32767,32767,32767,32767,32767,32767,32767,32767,-29985,-706,-5027,-1007]} 1. d4 {[%emt 1:30:30]} d5 {[%emt 1:30:30]} 2. c4 {[%emt 0:00:30]} dxc4 {[%emt 0:00:30]} 3. Nf3 {[%emt 0:00:30]} Nf6 {[%emt 0:00:30]} 4. e3 {[%emt 0:00:30]} e6 {[%emt 0:00:30]} 5. Bxc4 {[%emt 0:00:30]} c5 {[%emt 0:00:30]} 6. O-O {[%emt 0:00:30]} a6 {[%emt 0:00:30]} 7. a4 {[%emt 0:00:30]} Nc6 {[%emt 0:00:30]} 8. Nc3 {[%emt 0:00:30]} Be7 {[%emt 0:00:30]} 9. d5 {[%emt 0:00:30]} exd5 {[%emt 0:00:30] D27: Queen's Gambit Accepted: Classical main line: 7 e4!? and 7 a4} 10. Nxd5 {[%emt 0:00:30]} Nxd5 {[%emt 0:00:30]} 11. Bxd5 {[%emt 0:00:30]} Nb4 {[%emt 0:00:30]} 12. e4 {[%emt 0:00:30]} (12. Bc4 O-O 13. Bd2 Nc6 14. Bc3 Bg4 15. h3 Bh5 16. Qd5 Qxd5 17. Bxd5 {1-0 (53) Nguyen,T (2537)-Predke,A (2612) Biograd 2018}) 12... Nxd5 {[%emt 0:00:30]} 13. exd5 {[%emt 0:00:30]} O-O {[%emt 0:00:30]} 14. Ne5 {[%emt 0:00:30]} Bd7 $146 {[%emt 0:00:30]} ({Predecessor:} 14... Bd6 15. Nc4 Bxh2+ 16. Kxh2 Qh4+ 17. Kg1 Qxc4 {1-0 (61) Stark,G (1842)-Lutard,F (1860) France 2012}) 15. Re1 {[%emt 0:00:30]} Bf6 {[%emt 0:00:30]} 16. Bf4 {[%emt 0:00:30]} Re8 {[%emt 0:00:30]} 17. Rc1 {[%emt 0:00:30]} Rc8 {[%emt 0:00:30]} 18. h3 {[%emt 0:00:30]} b5 {[%emt 0:00:30]} 19. d6 {[%emt 0:00:30]} Bxe5 {[%emt 0:00:30]} 20. Bxe5 {[%emt 0:00:30]} Be6 {[%emt 0:00:30]} (20... Qg5 $11 21. f4 Qg3) 21. Rc3 {[%emt 0:00:30]} b4 {[%emt 0:00:30] [#]} 22. Rg3 $1 {[%emt 0:00:30]} f6 {[%emt 0:00:30]} 23. Bf4 {[%emt 0:00:30]} Qd7 {[%emt 0:00:30]} 24. Bh6 {[%emt 0:00:30]} g6 {[%emt 0:00:30]} 25. h4 {[%emt 0:00:30]} (25. Rf3 $16) 25... Kf7 {[%emt 0:00:30]} (25... Bf7 $14) 26. h5 {[%emt 0:00:30]} ({White should try} 26. Rge3 $16) 26... g5 $2 {[%emt 0:00:30] [#]} ({Better is} 26... Rcd8 $14) 27. Qf3 $1 {[%emt 0:00:30]} Bf5 {[%emt 0:00:30]} (27... Qxd6 $142 28. Rxg5 Rg8) 28. Re7+ $2 {[%emt 0:00:30]} (28. Qd5+ $18 Be6 {[#]} 29. Rxg5 $1 {[%mdl 512]} Bxd5 30. Rg7+ {[%mdl 64] Double Attack, Skewer} Kf8 31. Rxd7+ Kg8 32. Ree7 Rxe7 33. dxe7) 28... Rxe7 {[%emt 0:00:30]} 29. dxe7 {[%emt 0:00:30]} c4 {[%emt 0:00:30]} (29... Kxe7 $17 30. Bxg5 fxg5 31. Rxg5 Rf8 32. Qe3+ Be6 33. Qxc5+ (33. Rg7+ Rf7 $17) 33... Qd6 34. Qa7+ Bd7 35. Qe3+ Kd8) 30. Bf8 $2 {[%emt 0:00:30]} (30. Bxg5 $1 $11 {and White has nothing to worry.} Qd3 31. Be3) 30... c3 {[%emt 0:00:30]} 31. bxc3 {[%emt 0:00:30]} bxc3 {[%emt 0:00:30]} 32. e8=Q+ {[%emt 0:00:30]} Kxe8 {[%emt 0:00:30]} 33. Ba3 {[%emt 0:00:30]} c2 {[%emt 0:00:30]} 34. Qe2+ {[%emt 0:00:30]} Kf7 {[%emt 0:00:30]} 35. Kh2 {[%emt 0:00:30]} c1=Q {[%emt 0:00:30]} 36. Bxc1 {[%emt 0:00:30]} Rxc1 {[%emt 0:00:30]} 37. Re3 {[%emt 0:00:30]} Rc2 {[%emt 0:00:30]} 38. Qf3 {[%emt 0:00:30]} Rc8 {[%emt 0:00:30]} 39. h6 {[%emt 0:00:30]} Re8 {[%emt 0:00:30]} 40. Rb3 {[%emt 0:00:30]} Re7 {[%emt 0:00:30]} 41. a5 {[%emt 0:00:30]} Qc7+ {[%emt 0:00:30]} 42. g3 {[%emt 0:00:30]} Kg6 {[%emt 0:00:30]} 43. Rb6 {[%emt 0:00:30]} Re6 {[%emt 0:00:30]} 44. Rb7 {[%emt 0:00:30]} Qc6 {[%emt 0:00:30]} 45. Qb3 {[%emt 0:00:30]} Kxh6 {[%emt 0:00:30]} 46. Qb4 {[%emt 0:00:30]} Qd6 $19 {[%emt 0:00:30]} (46... Qf3 $142 47. Qf8+ {[#]} Kh5 $1 {[%mdl 512]} 48. Qf7+ Kg4 49. Rb4+ Re4 50. Rb2 Re1 51. Rb4+ Be4 52. Rxe4+ Qxe4 53. f3+ {[%mdl 64] Decoy} Kxf3 54. Qxf6+ Kg4 55. Qf1 Re2+ 56. Kg1 Rd2 57. Qf2 Rd1+ 58. Qf1 Kxg3 59. Qxd1 Qg2#) 47. Qc3 {[%emt 0:00:30]} Re2 {[%emt 0:00:30]} 48. Qf3 {[%emt 0:00:30]} Qe5 {[%emt 0:00:30]} 49. Rb6 {[%emt 0:00:30]} g4 {[%emt 0:00:30]} 50. Qa3 {[%emt 0:00:30]} Rxf2+ {[%emt 0:00:30]} 51. Kg1 {[%emt 0:00:30]} Qe1# {[%emt 0:00:30]} 0-1

[Event "Irish International Open 2019"]
[Site "Dublin"]
[Date "2019.04.17"]
[Round "1.13"]
[White "De Verdier, Michael"]
[Black "Jocius, Donatas"]
[Result "1-0"]
[WhiteElo "2306"]
[BlackElo "1773"]
[Annotator "TA"]
[PlyCount "143"]
[EventDate "2019.02.28"]
[EventType "swiss"]
[EventCountry "IRL"]
[SourceTitle "playchess.com"]
[Source "ChessBase"]
[SourceQuality "1"]

{[%evp 9,143,19,19,19,25,25,25,22,24,-6,0,0,0,0,0,0,0,0,0,-36,0,0,0,0,8,0,29,22,42,30,37,46,37,37,25,25,31,7,63,53,45,41,45,41,50,38,60,65,120,128,136,129,121,131,193,105,110,110,128,131,129,109,115,104,116,-17,162,51,48,24,158,153,225,214,240,237,239,234,343,349,338,222,212,0,336,342,333,295,272,254,338,307,327,364,399,389,415,429,427,415,421,413,550,536,704,701,723,848,833,808,803,789,1702,1769,1095,1333,1589,1600,4606,3724,29979,29980,29982,29983,29983,29984,29984,29985,29985,29986,29986,29987,29987,29988,29988,29988]} 1. Nf3 c6 2. c4 d5 3. e3 Bf5 4. cxd5 $146 ({Predecessor:} 4. Qb3 Qc7 5. cxd5 {1-0 (37) Movsesian,S (2677)-Mukashev,A (2207) Pardubice 2017}) 4... cxd5 5. Qb3 Qc7 6. Nc3 {A11: English Opening: 1...c6} e6 $1 7. Nb5 Qb6 8. Qa4 {White has an edge.} Nd7 9. Nbd4 Bg6 10. Ne5 {[%csl Ge5][%cal Ra4d7]} Ngf6 11. h4 Qb4 12. Bb5 {[%cal Rb5d7]} Qxa4 13. Bxa4 {Hoping for h5!} Bd6 14. Ndf3 a6 15. Nxg6 hxg6 16. d3 Ke7 17. Bd2 Nb6 (17... b5 $5 {[%cal Rb5a4]} 18. Bc2 Rac8 $11) 18. Bc2 Ng4 19. Bc3 f6 20. Ke2 Nd7 21. Nd2 Rac8 22. Rac1 b5 {White must now prevent ...b4.} 23. Nb3 b4 (23... g5 $11) 24. Bd2 $1 $14 g5 25. f3 Nge5 26. h5 Rc7 27. g4 Nc6 28. d4 Rcc8 {[#]} (28... a5 $14) 29. Bd3 $1 $16 a5 30. Bb5 Ndb8 31. Ba4 e5 (31... Kf7 $16 32. Kf2 Rc7) 32. Kd3 ({White should try} 32. dxe5 $18 Nxe5 33. Nxa5) 32... Kf7 33. Rc2 exd4 34. exd4 Rc7 35. Rhc1 {[%cal Ra4c6]} Rhc8 36. Be3 Ke7 37. Nc5 (37. Ke2 $16) 37... Nd8 $2 (37... b3 $1 $11 38. Bxb3 Nb4+ 39. Ke2 Nxc2 40. Bxc2 Bxc5 41. dxc5 Na6) 38. Bb3 ({White should play} 38. Re2 $18 Kf8 39. Bg1) 38... Bxc5 $1 $14 39. dxc5 Nf7 (39... Ndc6 $1 $11) 40. Ke2 $36 {[%mdl 2048] White has strong initiative.} ({Weaker is} 40. Bxd5 Rd8 $17) 40... Ke6 (40... d4 $16) 41. Rd2 $18 Rd8 42. Rcd1 Rcd7 43. Bc2 {Bf5+ is the strong threat.} Nh6 (43... Rb7 {was necessary.} 44. Bg6 Nc6 45. Bf5+ Ke7 46. Rxd5 Rxd5 47. Rxd5 Ra7) 44. Ba4 Rc7 45. Bb3 Rcd7 46. Ba4 (46. Bg1 $142) 46... Rc7 $1 {[#]} 47. c6 $1 {[%mdl 512]} Rxc6 (47... Nxc6 48. Bb6) 48. Bxc6 Nxc6 49. Rc2 Ne5 50. b3 {[%cal Bb2b3,Bb3a4][%mdl 32]} Ng8 51. Rc5 a4 52. bxa4 Ra8 53. a5 Ne7 54. Rb5 Nc4 55. Bb6 Nc6 56. Rbxd5 N6xa5 57. Bxa5 Rxa5 58. Rxa5 Nxa5 {[%mdl 4096] Endgame KR-KN} 59. Rb1 Nc6 60. Ke3 Ne7 61. Kd4 Nc6+ 62. Kc5 Ne5 63. Rxb4 Nxf3 64. a4 f5 65. gxf5+ {White mates.} Kxf5 66. a5 g4 67. a6 g3 68. a7 g2 69. Rb1 g1=Q+ 70. Rxg1 Nxg1 71. a8=Q Ne2 72. Qf8+ {Accuracy: White = 72%, Black = 39%.} 1-0

[Event "Irish International Open 2019"]
[Site "Dublin"]
[Date "2019.04.17"]
[Round "1.14"]
[White "Halvorsen, Benjamin"]
[Black "Li, Henry"]
[Result "1/2-1/2"]
[WhiteElo "1767"]
[BlackElo "2308"]
[Annotator "TA"]
[PlyCount "58"]
[EventDate "2019.02.28"]
[EventType "swiss"]
[EventCountry "IRL"]
[SourceTitle "playchess.com"]
[Source "ChessBase"]
[SourceQuality "1"]

{[%evp 27,58,0,-6,-21,-16,-33,0,0,33,23,42,28,75,68,75,67,99,89,119,84,170,175,172,50,50,50,64,58,63,50,50,52,80]} 1. e4 e5 2. Nf3 Nc6 3. Bc4 Nf6 4. Ng5 d5 5. exd5 Na5 6. Bb5+ c6 7. dxc6 bxc6 8. Be2 h6 9. Nf3 e4 10. Ne5 Bd6 11. d4 exd3 12. Nxd3 Qc7 13. h3 O-O 14. O-O c5 15. Nc3 {With the idea Nb5. C59: Two Knights: 4 Ng5 d5 5 exd5 Na5 5 Bb5+ c6 6 dxc6 bxc6 7 Be2} (15. b3 c4 16. bxc4 Nxc4 17. Nd2 Nxd2 18. Bxd2 Bf5 19. Bf3 Rac8 20. Re1 Rfd8 21. a4 Qxc2 22. Nb4 Qb2 {0-1 (30) Zeng,C (2535)-Harikrishna,P (2729) China 2018}) 15... Rb8 16. Ne1 Rd8 {[%mdl 1024] [#] aiming for ...Bh2+. Black has compensation.} 17. Bd2 {The position is equal.} c4 18. Qc1 Bf5 19. Nf3 Bh7 $146 ({Predecessor:} 19... Qd7 20. Rd1 Bxh3 21. Bxh6 Qg4 22. Ne1 Qg6 23. Rxd6 gxh6 {1-0 (35) Costa,F (2100)-Dias,P (2267) Lisbon 2000}) 20. Rd1 Re8 21. Be3 Ne4 22. Nxe4 Rxe4 23. Qd2 Bc5 {[#]} (23... Re6 $16) 24. Bxc5 $1 $18 Qxc5 25. Nd4 (25. b4 $18 Qe7 26. Bf1 (26. bxa5 Rxe2 27. Re1 Rxd2 $14)) 25... Rxb2 $14 {Threatening ...c3.White is slightly better.} 26. Qc3 Rb8 27. Bf3 Ree8 28. Nb3 Nxb3 29. axb3 Rbc8 {Accuracy: White = 67%, Black = 38%.} 1/2-1/2

[Event "Irish International Open 2019"]
[Site "Dublin"]
[Date "2019.04.17"]
[Round "1.15"]
[White "Fitzsimons, David"]
[Black "Goss, Alex"]
[Result "1-0"]
[WhiteElo "2299"]
[BlackElo "1765"]
[Annotator "TA"]
[PlyCount "113"]
[EventDate "2019.02.28"]
[EventType "swiss"]
[EventCountry "IRL"]
[SourceTitle "playchess.com"]
[Source "ChessBase"]
[SourceQuality "1"]

{[%evp 14,113,19,19,58,63,74,54,118,95,104,95,108,101,106,53,66,41,56,33,29,35,62,82,60,58,95,69,107,28,36,0,0,0,0,0,0,0,0,0,0,0,0,0,0,-10,-21,-37,-11,-64,-59,-65,-61,-65,-65,-65,-64,-84,-84,-84,-84,-99,-95,-83,0,0,4,4,4,4,4,0,0,0,2,0,0,0,0,0,41,8,8,8,8,0,500,218,1132,1100,463,8,22,22,1872,1334,29977,29978,29980,29981,29978,29977]} 1. Nf3 Nf6 2. c4 e6 3. g3 d5 4. Bg2 c6 5. b3 Nbd7 6. Bb2 Be7 7. O-O O-O 8. d4 c5 {E07: Closed Catalan: Main Line (5 Nf3 0-0 6 0-0 Nbd7)} (8... b6 9. Nbd2 Bb7 10. Re1 c5 11. cxd5 Bxd5 12. e4 Bb7 13. Qe2 cxd4 14. Nxd4 Nc5 15. Red1 Nfd7 16. Nc4 a5 17. Qe3 Rc8 {1-0 (29) Iturrizaga Bonelli,E (2650)-Miroshnichenko,E (2606) chess.com INT 2018}) 9. cxd5 Nxd5 10. e4 N5b6 $146 (10... Nb4 $14) ({Predecessor:} 10... N5f6 11. e5 Ne4 12. d5 exd5 13. Qxd5 {1-0 (38) Lisboa,J (1486)-Ribeiro Pereira,K (1283) Itajai 2017}) 11. Nc3 cxd4 12. Qxd4 Bc5 13. Qd3 Nf6 14. Rad1 (14. Qc2 $16) 14... Qxd3 $14 15. Rxd3 Bb4 16. Re1 Bd7 17. Ne5 Bb5 18. Rd4 Bxc3 19. Bxc3 Rac8 20. Ba5 Rfd8 21. Rb4 (21. Rxd8+ $16 Rxd8 22. a4) 21... Rc5 $11 22. Nf3 (22. f4 {looks sharper.} Rd6 23. a4 Ba6 24. Bxb6 axb6 25. Nc4) 22... Bc6 $36 {[%mdl 2048] Black has good play.} 23. Bxb6 axb6 24. Nd4 b5 25. a4 bxa4 26. bxa4 Ra8 27. Nxc6 bxc6 28. Rd1 g6 29. h3 Rca5 30. Ra1 Nd7 (30... c5 $5 {[%cal Rc5b4]} 31. Rc4 Nd7 $11) 31. Rc4 (31. Bf3 $11) 31... Ne5 $15 32. Rc2 Rxa4 33. Rxa4 Rxa4 {[%mdl 4096] Endgame KRB-KRN} 34. f4 Rc4 35. Rd2 {Black must now prevent Kf2.} Rc1+ 36. Kf2 Nc4 37. Ra2 Rc3 38. e5 Na3 ({Black should play} 38... Kg7 $17) 39. Bxc6 $1 $11 Rc2+ 40. Rxc2 Nxc2 {KB-KN} 41. Be4 Nd4 42. Ke3 Nf5+ 43. Kf2 Ne7 44. g4 Kg7 45. Ke3 h6 46. Kd4 f5 47. Bf3 (47. exf6+ $5 Kxf6 48. Bd3 $11) 47... g5 48. fxg5 hxg5 49. Kc5 Ng6 $2 {[%mdl 8192]} (49... f4 $11 {and Black has nothing to worry.}) 50. Kd6 $18 Nf4 $2 {[#]} (50... f4 51. Kxe6 Nh4) 51. Bd1 $1 {[%cal Rd1c2]} Kf8 {[#]} 52. Kd7 $2 (52. Bc2 $1 $18) 52... Kf7 53. Bb3 {gxf5 is the strong threat.} fxg4 $2 {[%mdl 8192]} (53... Kg7 $11) 54. hxg4 Kg6 55. Bxe6 {White mates.} Ne2 56. Bf5+ Kg7 57. e6 {Accuracy: White = 39%, Black = 40%.} 1-0

[Event "Irish International Open 2019"]
[Site "Dublin"]
[Date "2019.04.17"]
[Round "1.16"]
[White "Opseth, Oliver"]
[Black "Brady, Stephen"]
[Result "0-1"]
[WhiteElo "1739"]
[BlackElo "2301"]
[Annotator "TA"]
[PlyCount "60"]
[EventDate "2019.02.28"]
[EventType "swiss"]
[EventCountry "IRL"]
[SourceTitle "playchess.com"]
[Source "ChessBase"]
[SourceQuality "1"]

{[%evp 11,59,-16,6,-10,-9,-33,7,15,18,-4,-12,-9,8,0,4,-7,48,-4,52,29,27,22,23,-12,-17,-45,-40,-37,-25,-291,-293,-308,-296,-309,-309,-424,-407,-518,-509,-773,-766,-757,-747,-766,-756,-743,-738,-738,-733,-29999]} 1. d4 Nf6 2. Bf4 e6 3. Nf3 b6 4. e3 Bb7 5. Bd3 Be7 6. Nbd2 O-O 7. Qe2 {A47: 1 d4 Nf6 2 Nf3 b6: Torre, London and Colle Systems} (7. O-O c5 8. c3 h6 9. a4 Nc6 10. h3 d6 11. Qe2 a6 12. Bg3 Re8 13. Rfd1 Bf8 14. e4 cxd4 15. Nxd4 {½-½ (95) Nguyen,N (2633)-Bu,X (2695) Cap d'Agde 2010}) 7... c5 8. h3 Nc6 9. c3 {The position is equal.} d6 10. e4 $146 ({Predecessor:} 10. O-O Qd7 11. Rad1 Rad8 12. Bh2 cxd4 13. exd4 Rfe8 14. Rfe1 Bf8 15. Ne4 Nxe4 16. Qxe4 g6 17. Qh4 Qe7 18. Qf4 {½-½ (46) Kosic,D (2485)-Chernyshov,K (2564) Budapest 2011}) 10... cxd4 11. Nxd4 e5 12. Nxc6 Bxc6 13. Bh2 {[#]} d5 (13... b5 $1 $11 {[%mdl 512]}) 14. exd5 (14. O-O-O $14) 14... Bxd5 (14... Qxd5 $11 15. f3 Rad8) 15. Bxe5 Bd6 16. Bxf6 Qxf6 17. Bxh7+ {[%mdl 64] [#] Decoy} Kxh7 18. Qd3+ Qg6 19. Qxd5 Rad8 $36 {[%mdl 2048] White is under pressure.} 20. O-O-O $2 {[%mdl 8192]} (20. Qf3 $11) 20... Bf4 $19 21. Qf3 Qg5 22. Qe4+ Kg8 23. Qc2 {next g3 is good for White.} Qxg2 {And now ...Rxd2 would win.} 24. Rhg1 Qxf2 {Threatens to win with ...Rxd2.} 25. Rh1 (25. Kb1 $142 Bxd2 26. Rdf1) 25... Rxd2 26. Rxd2 Rd8 {[%cal Rd8d2][%mdl 64] Pin} (26... Bxd2+ 27. Qxd2 Qf3 28. Qd1 $11) 27. Rhd1 Rxd2 {[%mdl 64] Overworked Piece} 28. Rxd2 Qe1+ {[%mdl 64] Pin} ({Not} 28... Bxd2+ 29. Qxd2 Qf1+ 30. Kc2 $17) 29. Qd1 Bxd2+ 30. Kb1 Qxd1# {Accuracy: White =  9%, Black = 63%.} 0-1

[Event "Irish International Open 2019"]
[Site "Dublin"]
[Date "2019.04.17"]
[Round "1.18"]
[White "Phelan, Leo"]
[Black "Daly, Colm"]
[Result "0-1"]
[WhiteElo "1708"]
[BlackElo "2278"]
[Annotator "TA"]
[PlyCount "38"]
[EventDate "2019.02.28"]
[EventType "swiss"]
[EventCountry "IRL"]
[SourceTitle "playchess.com"]
[Source "ChessBase"]
[SourceQuality "1"]

{[%evp 22,38,-52,-33,0,-41,1,-66,-33,-68,-62,-75,-49,-153,-75,-97,-35,-1120,-1136]} 1. e4 c5 2. Nf3 d6 3. d4 cxd4 4. Nxd4 Nf6 5. Nc3 Nc6 6. Bc4 e6 7. Be3 Be7 8. Qe2 a6 9. O-O-O O-O 10. g4 Nxd4 11. Bxd4 b5 12. Bb3 Bb7 {B89: Sicilian: Velimirovic Attack} 13. f3 Nd7 14. Qf2 (14. a3 $11) (14. h4 b4 15. Na4 Qa5 16. Qf2 Bc6 17. Nb6 Nxb6 18. Bxb6 {0-1 (37) Battulga,N (2413)-Czarnota,P (2541) Shenzhen 2011}) 14... Qc7 {Black is slightly better.} 15. h4 Nc5 $146 ({Predecessor:} 15... Rfc8 16. Ne2 Ne5 17. Ng3 {0-1 (30) Hestad,B-Maljevic,A (1687) Belgrade 2009}) 16. g5 Bc6 17. Rdg1 {[#]} (17. Kb1 $15) 17... b4 (17... a5 $142 $1 {aiming for ...a4.} 18. Qg3 Nxb3+ 19. axb3 e5) 18. Ne2 $17 Bb5 (18... a5 $17 19. Qe3 Nxb3+ 20. Qxb3 Bb5) 19. h5 $2 {[%mdl 8192]} (19. Kb1 $15) 19... Nd3+ {[%mdl 64] Double Attack. Accuracy: White = 11%, Black = 16%.} 0-1

[Event "Irish International Open 2019"]
[Site "Dublin"]
[Date "2019.04.17"]
[Round "1.19"]
[White "Pulkkinen, Kari"]
[Black "Mancin, Michele"]
[Result "1-0"]
[WhiteElo "2265"]
[BlackElo "1706"]
[Annotator "TA"]
[PlyCount "61"]
[EventDate "2019.02.28"]
[EventType "swiss"]
[EventCountry "IRL"]
[SourceTitle "playchess.com"]
[Source "ChessBase"]
[SourceQuality "1"]

{[%evp 15,61,18,20,8,40,35,40,6,17,-18,-36,-33,-24,-66,-31,-38,12,6,0,0,-1,0,153,149,141,154,152,137,177,147,171,105,110,83,71,41,72,67,58,16,4882,4882,4766,512,2769,2348,2050,1910]} 1. e4 c5 2. Nf3 d6 3. d4 cxd4 4. Nxd4 Nf6 5. Nc3 a6 6. h3 e6 7. g4 b5 8. Bg2 Bb7 9. O-O {B81: Sicilian Scheveningen: Keres Attack} Qc7 (9... Nfd7 10. Re1 Be7 11. e5 d5 12. a4 b4 13. Nxd5 Bxd5 14. Bxd5 exd5 15. e6 O-O 16. exd7 Qxd7 {1-0 (44) Anand,V (2803)-Volokitin,A (2639) Berlin 2015}) 10. Re1 Be7 11. g5 {White is slightly better.} Nfd7 12. f4 (12. a4 {feels hotter.} b4 13. Na2 a5 14. Nb5 Qb6 15. c3) 12... Nc6 13. Nxc6 $146 ({Predecessor:} 13. Nf5 Bf8 14. a4 b4 15. Nd5 exd5 16. exd5+ Ne7 {1-0 (31) Sethuraman,S (2625)-Schuetze,N (2296) Achaia 2017}) 13... Bxc6 14. Be3 O-O 15. Ne2 {[%cal Bc3e2,Be2d4,Bd4f5][%mdl 32]} Rfd8 16. Nd4 $36 {[%mdl 2048] White fights for an advantage.} Bb7 17. f5 e5 18. f6 Bf8 $2 {[#]} ({Reject} 18... gxf6 19. Nf5 $16) ({Black should play} 18... exd4 $11 19. fxe7 Re8 20. Qxd4 Rxe7) 19. fxg7 $16 Bxg7 20. Nf5 Nc5 21. Qg4 Ne6 22. c3 d5 23. exd5 (23. Rf1 $18 {Hoping for Nh6+.} Kh8 24. Nxg7 Kxg7 25. Rf6) 23... Bxd5 24. Rad1 Bxg2 25. Qxg2 Nf4 26. Bxf4 exf4 27. Qe4 Re8 $2 {[%mdl 8192]} (27... Bf8 $11) 28. Qxe8+ $18 {White is clearly winning.} Rxe8 29. Rxe8+ Bf8 {With the idea ...Qc5+.} 30. Rdd8 {[%csl Gd8][%cal Re8f8] [#]} Qc5+ 31. Kf1 {Accuracy: White = 64%, Black = 41%.} 1-0

[Event "Irish International Open 2019"]
[Site "Dublin"]
[Date "2019.04.17"]
[Round "1.20"]
[White "Saynajakangas, Kirsi"]
[Black "Thorarinsson, Pall A."]
[Result "0-1"]
[WhiteElo "1693"]
[BlackElo "2246"]
[Annotator "TA"]
[PlyCount "54"]
[EventDate "2019.02.28"]
[EventType "swiss"]
[EventCountry "IRL"]
[SourceTitle "playchess.com"]
[Source "ChessBase"]
[SourceQuality "1"]

{[%evp 9,84,35,42,33,43,42,42,42,47,33,27,28,45,24,50,28,45,39,44,33,43,55,53,33,36,26,45,60,65,59,45,3,3,4,2,-6,0,-167,-171,-164,-148,-267,-261,-267,-268,-270,-258,-262,-262,-311,-262,-312,-313,-301,-273,-281,-262,-229,-230,-292,-301,-290,-279,-374,-293,-332,-316,-323,-311,-310,-302,-425,-366,-361,-339,-1987,-1884]} 1. d4 d6 2. Nf3 Bg4 3. Bf4 Nd7 4. Nbd2 g6 5. h3 Bxf3 6. Nxf3 {A41: 1 d4 d6: Tartakower System and Modern Defence} Bg7 7. e3 c5 8. c3 {White is slightly better.} Ngf6 9. Bd3 (9. Qb3 O-O 10. Be2 cxd4 11. exd4 e5 12. dxe5 dxe5 {1-0 (78) Babarykin,S (2369)-Pakhomov,A (2335) Dresden 2015}) 9... O-O 10. O-O Re8 $146 ({Predecessor:} 10... Qb6 11. Rb1 Rac8 12. Qc2 Rfe8 13. Nh2 e5 14. dxe5 dxe5 {½-½ (14) Santura,J (1856)-Lada,I (2042) Polanica Zdroj 2011}) 11. Bh2 Qb6 12. Qc2 Rac8 13. a4 cxd4 14. exd4 a6 15. Rfe1 Nb8 16. Qd2 Nc6 17. b4 d5 18. Rab1 e6 19. b5 axb5 20. Bxb5 Ne4 21. Qe3 Qa7 22. Be5 Nxe5 23. Nxe5 $2 {[#]} (23. Bxe8 $11 {and White stays safe.} Nc4 24. Bxf7+ Kxf7 25. Qf4+ Kg8 26. Rxe4 dxe4 27. Qxe4) 23... Rxc3 $19 24. Qf4 Re7 25. Rxe4 (25. Rbd1 $17 {only move.}) 25... dxe4 26. Qxe4 Bxe5 27. dxe5 Rec7 {Played: Qa7-c5} 0-1

[Event "Irish International Open 2019"]
[Site "Dublin"]
[Date "2019.04.17"]
[Round "1.21"]
[White "Mihalik, Agoston"]
[Black "Loughran, John"]
[Result "1-0"]
[WhiteElo "2203"]
[BlackElo "1669"]
[Annotator "TA"]
[PlyCount "61"]
[EventDate "2019.02.28"]
[EventType "swiss"]
[EventCountry "IRL"]
[SourceTitle "playchess.com"]
[Source "ChessBase"]
[SourceQuality "1"]

{[%evp 9,61,13,16,15,72,67,62,65,64,58,144,127,157,165,165,156,152,142,130,133,132,129,150,149,531,187,176,177,177,174,216,215,272,275,335,350,339,336,334,333,329,308,460,481,470,465,468,460,450,435,590,599,639,629]} 1. e4 c5 2. Nf3 e6 3. b3 Nc6 4. Bb2 d5 5. exd5 exd5 6. Bb5 {B40: Sicilian: 2...e6, Unusual lines} a6 (6... Qe7+ $11 7. Be2 Nf6) (6... Nf6 7. O-O Be7 8. Ne5 Qc7 9. Re1 O-O 10. h3 Ne4 11. Bxc6 bxc6 12. d3 Nxf2 13. Kxf2 Bh4+ {0-1 (28) Antal,G (2523)-Vorobiov,E (2584) La Roda 2017}) 7. Bxc6+ $16 bxc6 8. O-O {White is slightly better.} Be6 9. Re1 h6 (9... Nh6 $14) 10. Ne5 Qc7 $146 ({Predecessor:} 10... Qc8 11. f4 Be7 12. Qe2 Ra7 13. Nd3 Nf6 {1-0 (35) Hasan,M (2242)-Nayan Kumar,M (1975) Dhaka 2016}) 11. Ng6 $36 {[%mdl 2048] White is really pushing.} Rh7 12. Nxf8 Kxf8 13. Ba3 Nf6 14. Bxc5+ Kg8 15. Qf3 Re8 16. Nc3 Ng4 $2 {[%mdl 8192] [#]} (16... h5 $16 17. Na4 Ng4) 17. Qg3 $2 (17. Qxg4 $1 {[%mdl 512]} Rh8 (17... Bxg4 18. Rxe8#) 18. Qf3) 17... Qxg3 $18 18. hxg3 Nf6 19. Ne2 Nd7 20. b4 {[%cal Bb3b4,Bb4c5][%mdl 32]} f6 21. Nd4 Nxc5 22. bxc5 Bd7 23. Rxe8+ Bxe8 {[%mdl 4096] Endgame KRB-KRN} 24. Re1 Kf7 25. Nf5 Kg6 (25... Kf8 $142 26. Rb1 g6) 26. Nd6 {White is clearly winning.} ({Less strong is} 26. Rxe8 Kxf5 27. Rc8 Ke5 $18) 26... Bd7 27. Re7 Bf5 28. Rc7 Bxc2 29. Rxc6 Bd3 30. Rb6 {[#] And now c6 would win.} Rh8 31. c6 {Accuracy: White = 78%, Black = 23%.} 1-0